International business / (Record no. 1713)

000 -LEADER
fixed length control field nam a22 a 4500
003 - CONTROL NUMBER IDENTIFIER
control field AKMAL
005 - DATE AND TIME OF LATEST TRANSACTION
control field 20170511143341.0
008 - FIXED-LENGTH DATA ELEMENTS--GENERAL INFORMATION
fixed length control field 170511r1992 xxu 00 eng d
020 ## - INTERNATIONAL STANDARD BOOK NUMBER
International Standard Book Number 0030223784:
Terms of availability USD 84.15
040 ## - CATALOGING SOURCE
Original cataloging agency AKMAL
082 04 - DEWEY DECIMAL CLASSIFICATION NUMBER
Classification number 338.7 CZI
090 00 - LOCALLY ASSIGNED LC-TYPE CALL NUMBER (OCLC); LOCAL CALL NUMBER (RLIN)
Classification number (OCLC) (R) ; Classification number, CALL (RLIN) (NR) 338.7
Local cutter number (OCLC) ; Book number/undivided call number, CALL (RLIN) CZI
100 1# - MAIN ENTRY--PERSONAL NAME
Personal name Czinkota, Michael R.
9 (RLIN) 3531
245 10 - TITLE STATEMENT
Title International business /
Statement of responsibility, etc. Michael R. Czinkota, Ilkka A. Ronkainen, Michael H. Moffett
250 ## - EDITION STATEMENT
Edition statement 5th ed.
260 ## - PUBLICATION, DISTRIBUTION, ETC.
Place of publication, distribution, etc. Fort Worth :
Name of publisher, distributor, etc. The Dryden Press,
Date of publication, distribution, etc. 1992
300 00 - PHYSICAL DESCRIPTION
Extent xxix, 856p. :
Other physical details col. ill., maps ;
Dimensions 27cm
504 ## - BIBLIOGRAPHY, ETC. NOTE
Bibliography, etc. note Includes bibliographical references and index
650 #0 - SUBJECT ADDED ENTRY--TOPICAL TERM
Topical term or geographic name entry element International trade
9 (RLIN) 3532
650 #0 - SUBJECT ADDED ENTRY--TOPICAL TERM
Topical term or geographic name entry element International finance
9 (RLIN) 3533
650 #0 - SUBJECT ADDED ENTRY--TOPICAL TERM
Topical term or geographic name entry element Investments, Foreign
9 (RLIN) 3534
650 #0 - SUBJECT ADDED ENTRY--TOPICAL TERM
Topical term or geographic name entry element International business enterprise
9 (RLIN) 3535
700 1# - ADDED ENTRY--PERSONAL NAME
Personal name Ronkainen, Ilkka A.
9 (RLIN) 3536
700 1# - ADDED ENTRY--PERSONAL NAME
Personal name Moffett, Michael H.
9 (RLIN) 3537
942 ## - ADDED ENTRY ELEMENTS (KOHA)
Source of classification or shelving scheme
Koha item type Book
Holdings
Withdrawn status Lost status Source of classification or shelving scheme Damaged status Not for loan Collection code Home library Current library Shelving location Date acquired Inventory number Total Checkouts Full call number Barcode Date last seen Price effective from Koha item type
          NON-FICTION AKMAL Melaka AKMAL Melaka PINJAMAN 11.05.2017 303351   338.7 CZI 201705682 11.05.2017 11.05.2017 Book
          NON-FICTION AKMAL Melaka AKMAL Melaka PINJAMAN 11.05.2017 303350   338.7 CZI 201705681 11.05.2017 11.05.2017 Book
Pusat Sumber Maklumat Dato' Haji Sarmin Md Hussin, Akademi Kastam Diraja Malaysia, Melaka
Tel: 06-2331106 | Faks: 06-2313787